| 000 | 00641nam a2200277Ia 4500 | ||
|---|---|---|---|
| 005 | 20260320195659.0 | ||
| 008 | 008 262003s9999 xx 000 0 hin d | ||
| 020 | _a9788119133680 | ||
| 037 | _aEBOOK | ||
| 040 | _aCRL | ||
| 040 | _bhin | ||
| 040 | _cCRL | ||
| 041 | _2hin | ||
| 041 | _ahin | ||
| 084 | _qCRL | ||
| 100 |
_aराकेश कबीर _91132781 |
||
| 245 | 0 | _aतुम तब आना.... | |
| 250 | _a1st | ||
| 260 | _bRajkamal | ||
| 260 | _c2023 | ||
| 300 | _a160 | ||
| 856 | _uhttps://ebook.indiaread.in/pdfs/9788119133680.pdf | ||
| 942 | _cEBOOK | ||
| 999 |
_c1715922 _d1715922 |
||